000 00264nam a2200097Ia 4500
001 653745
005 20250826154504.0
008 250824s9999 xx 000 0 und d
245 0 _a1 MİNİ VE MIRNAV KEDİ
_cCHRİSTİNE NÖSTLİNGER
260 _bGÜNIŞIĞI YAYINLARI
999 _c653745
_d653745